00748nam a2200229Ia 4500003000400000005001700004008004100021020001400062040000700076041000800083082001900091100004800110245005200158250000600210260003800216300001700254365001600271906006400287942001200351999001900363952013600382OSt20230427090713.0210423s1993 xx 000 0 und d a393962997 cAL aeng a821.3 MACN223 aMACLEAN (Hugh);PRESCOTT (Anne Lake).993663 aNorton critical edition Edmund Spensers poetry. a3 aNew YorkbW W Norton & Co.,c1993 axiii,838bPB b857.93cINR acritical ; edition ; Edmund ; Norton ; poetry. ; Spenser''s 2ddccBK c161727d161727 001040708MAENGaSACPGbSACPGd2013-11-15eIntact Bookhouseg857.93l0o821.3 MACNpPG008219r2022-08-24 00:00:00w2021-04-26yBK